Les communes du Grand Paris avec une carte - Statistiques

Statistiques générales
  • Ce quiz a été pris 344 fois
  • Le résultat moyen est 66 sur 124
Réponses sur la Carte
Les réponses sont colorées sur une échelle allant du rouge au vert en fonction du pourcentage des utilisateurs qui les ont devinées à leur premier essai. Vous pouvez retrouver ces pourcentages ci-dessous.
 
Statistiques - réponses
Ville % Correct
Paris
90%
Boulogne-Billancourt
88%
Saint-Denis
88%
Ivry-sur-Seine
86%
Villiers-sur-Marne
86%
Nanterre
83%
Neuilly-Plaisance
83%
Neuilly-sur-Marne
83%
Neuilly-sur-Seine
83%
Vincennes
82%
Créteil
80%
Aubervilliers
79%
Montreuil
79%
Bobigny
77%
Issy-les-Moulineaux
77%
Levallois-Perret
76%
Clichy
75%
Clichy-sous-Bois
75%
Pantin
75%
Saint-Ouen-sur-Seine
75%
Antony
74%
Asnières-sur-Seine
72%
Montrouge
72%
Puteaux
72%
Villejuif
72%
Vitry-sur-Seine
72%
Vanves
70%
Colombes
69%
Gennevilliers
69%
Noisy-le-Grand
69%
Noisy-le-Sec
69%
Saint-Maur-des-Fossés
69%
Bagnolet
68%
Saint-Cloud
68%
Saint-Mandé
68%
Villeneuve-la-Garenne
67%
Villeneuve-le-Roi
67%
Villeneuve-Saint-Georges
67%
Courbevoie
66%
Maisons-Alfort
66%
Malakoff
66%
Orly
66%
Fontenay-aux-Roses
65%
Fontenay-sous-Bois
65%
La Courneuve
65%
Aulnay-sous-Bois
64%
Champigny-sur-Marne
63%
Les Lilas
63%
Rueil-Malmaison
63%
Bagneux
62%
Charenton-le-Pont
62%
Drancy
62%
Le Kremlin-Bicêtre
62%
Alfortville
61%
Clamart
61%
Bois-Colombes
58%
Bondy
58%
Suresnes
58%
Gentilly
57%
L'Île-Saint-Denis
57%
Arcueil
56%
Meudon
56%
Choisy-le-Roi
55%
La Garenne-Colombes
55%
Rosny-sous-Bois
55%
Sevran
55%
L'Haÿ-les-Roses
54%
Nogent-sur-Marne
54%
Cachan
53%
Le Blanc-Mesnil
53%
Sèvres
53%
Le Pré-Saint-Gervais
52%
Joinville-le-Pont
51%
Romainville
51%
Sceaux
51%
Le Bourget
50%
Rungis
50%
Saint-Maurice
50%
Châtillon
49%
Villepinte
49%
Bourg-la-Reine
46%
Montfermeil
46%
Épinay-sur-Seine
45%
Le Plessis-Robinson
45%
Le Plessis-Trévise
45%
Le Raincy
45%
Stains
45%
Tremblay-en-France
45%
Thiais
44%
Gagny
42%
Chaville
38%
Boissy-Saint-Léger
36%
Chevilly-Larue
36%
Fresnes
36%
Garches
36%
Sucy-en-Brie
36%
Bry-sur-Marne
35%
Marnes-la-Coquette
35%
Ville-d'Avray
35%
Villetaneuse
35%
Châtenay-Malabry
32%
Dugny
32%
Villemomble
32%
Le Perreux-sur-Marne
31%
Bonneuil-sur-Marne
29%
Livry-Gargan
29%
Pierrefitte-sur-Seine
28%
Vaucresson
28%
Les Pavillons-sous-Bois
26%
Chennevières-sur-Marne
24%
Limeil-Brévannes
24%
La Queue-en-Brie
22%
Valenton
22%
Coubron
19%
Gournay-sur-Marne
19%
Vaujours
19%
Ormesson-sur-Marne
18%
Ablon-sur-Seine
17%
Santeny
15%
Marolles-en-Brie
14%
Noiseau
14%
Périgny
14%
Villecresnes
13%
Mandres-les-Roses
9%
Aucun quiz correspondant
Distribution des résultats
% des personnes avec chaque résultat
Percentile par nombre de réponses
Votre historique - résultats
Vous n’avez pas pris ce quiz